Marketingové pojetí efektívnosti firem v EU a v ČR
Rozdielne chápanie efektívnosti u podnikateľských subjektov registrovaných v Českej republike a u firiem podnikajúcich a registrovaných v krajinách Európskej únie. České firmy a ich ponímanie efektívnosti. Firmy pôsobiace na území EÚ a pojem efektívnosť. Meranie efektívnosti v krajinách EÚ. EVA ako...
Guardado en:
| Autor principal: | |
|---|---|
| Formato: | Capítulo de libro |
| Lenguaje: | checo |
| Materias: | |
| Etiquetas: |
Sin Etiquetas, Sea el primero en etiquetar este registro!
|
MARC
| LEADER | 00000naa a2200000 4500 | ||
|---|---|---|---|
| 001 | r045227 | ||
| 005 | 20231004100209.8 | ||
| 041 | 0 | |a cze | |
| 044 | |a CZ | ||
| 245 | 1 | 0 | |a Marketingové pojetí efektívnosti firem v EU a v ČR |c Ludvík Čichovský |
| 520 | |a Rozdielne chápanie efektívnosti u podnikateľských subjektov registrovaných v Českej republike a u firiem podnikajúcich a registrovaných v krajinách Európskej únie. České firmy a ich ponímanie efektívnosti. Firmy pôsobiace na území EÚ a pojem efektívnosť. Meranie efektívnosti v krajinách EÚ. EVA ako štandardné meradlo efektívnosti. Hodnotenie efektívnosti s využitím parametru EVA. Marketingová filozofia hodnôt a triáda efektívnosti. Triáda efektívnosti a marketing konkurencieschopnosti. Triáda efektívnosti podnikateľských subjektov. | ||
| 610 | 2 | 0 | |a efektívnosť |
| 610 | 2 | 0 | |a marketing |
| 610 | 2 | 0 | |a konkurencieschopnosť |
| 610 | 2 | 0 | |a podnik |
| 610 | 2 | 0 | |a Česko |
| 610 | 2 | 0 | |a Európska únia |
| 610 | 2 | 0 | |a hodnota pridaná ekonomická |
| 610 | 2 | 0 | |a filozofia |
| 100 | 1 | |a Čichovský, Ludvík | |